Velký španělsko-český slovník. II.díl. I-Z /

Salvato in:
Dettagli Bibliografici
Altri autori: Dubský, Josef (Compilatore)
Natura: Libro
Lingua:multilingua
Pubblicazione: Praha : Academia, 1978
Edizione:1.vyd.
Tags: Aggiungi Tag
Nessun Tag, puoi essere il primo ad aggiungerne!!

MARC

LEADER 00000nam a22000003a 4500
001 stu6509
005 20150617225808.0
008 940906s1978----cs------------------mul-d
040 |a STU  |b slo 
041 0 |a mul 
044 |a cs 
080 |a 801.323.2=60=850 
100 1 |a Dubský, Josef  |4 com 
245 1 |a Velký španělsko-český slovník. II.díl. I-Z /  |c Zprac.: Dubský,Josef a kol 
250 |a 1.vyd. 
260 |a Praha :  |b Academia,  |c 1978 
300 |a 846 s 
996 |b 284EK08361  |c E*50308  |l EE01  |s A  |a 24  |w stu6509_0002